| 000 | 005000000a22001930004500 | ||
|---|---|---|---|
| 001 | 001323 | ||
| 003 | MACL | ||
| 005 | 20150908124139.0 | ||
| 008 | 150908b xxu||||| |||| 00| 0 eng d | ||
| 040 |
_aMACL _cMACL |
||
| 041 | _aEnglish | ||
| 082 | _a629.477/PIL | ||
| 100 |
_aPillai, Chidambarathanu.S _96459 |
||
| 245 |
_aKayakalpa System Of Life _cChidambarathanu.S Pillai |
||
| 260 |
_aChennai _c1999 _bThanu Foundation, |
||
| 350 | _a60 | ||
| 650 |
_aMedical Science _99199 |
||
| 942 |
_k629 _cBK _2ddc |
||
| 999 |
_c1318 _d1318 |
||